Le nozze alchemiche di Salomè : Oscar Wilde e la tradizione ermetica /

Kaydedildi:
Detaylı Bibliyografya
Yazar: Falzon, Alex R. (Yazar)
Materyal Türü: Kitap
Dil:İtalyanca
İngilizce
Baskı/Yayın Bilgisi: Ospedaletto, Pisa : Pacini, 2007
Seri Bilgileri:Ricerca
Strumenti di filologia e critica ; 2
Etiketler: Etiketle
Etiket eklenmemiş, İlk siz ekleyin!

MARC

LEADER 00000nam a22000007i 4500
001 IT\ICCU\PIS\0012903
003 ItRI
005 20260115232144.0
008 080301s2007 it |||||| ||||| |||||c
020 |a 9788877819291 
040 |b ita  |c importazione bologna sebina 
041 7 |a ita  |a eng  |2 ISO-639-2 
100 1 |a Falzon, Alex R.  |0 IT\ICCU\CFIV\017861  |4 aut 
245 1 3 |a Le nozze alchemiche di Salomè :  |b Oscar Wilde e la tradizione ermetica /  |c Alex R. Falzon. 
260 |a Ospedaletto, Pisa :  |b Pacini,  |c 2007 
300 |a 174 p. ;  |c 23 cm. 
790 1 |a Falzon, Alex  |3 IT\ICCU\CFIV\273975  |z Falzon, Alex R. 
830 0 |a Ricerca  |0 IT\ICCU\PIS\0012452 
830 0 |a Strumenti di filologia e critica ;  |v 2  |0 IT\ICCU\PIS\0012797 
942 |2 ddc  |c BK  |n 0 
952 |0 0  |1 0  |4 0  |6 DOC_822_800000000000000_FAL  |7 0  |9 21041  |a BO  |b BO  |d 2026-01-15  |i 14590  |l 0  |o DOC 822.8 FAL  |p BO14590  |r 2026-01-15 23:21:45  |w 2026-01-15  |x [Sebina 5] [1 v.]  |y BK  |z 1 v. 
999 |c 17975  |d 17975